Tummy Hurts (ft. Coco Jones) - Renee Rapp - All Lyrics - Statistics

General Stats
  • This quiz has been taken 28 times
  • The average score is 291 of 314
Answer Stats
Lyrics % Correct
2043
100%
a
100%
And
100%
and
100%
But
100%
daddy
100%
e
100%
e,
100%
e;
100%
E
100%
e)
100%
even
100%
Eventually,
100%
Eventually
100%
(Eventually),
100%
eventually,
100%
father
100%
for
100%
girl
100%
go
100%
gonna
100%
her
100%
he's
100%
hurt
100%
hurts,
100%
hurts
100%
hurts),
100%
I
100%
in
100%
it,
100%
it's
100%
like
100%
Like
100%
little
100%
love
100%
me
100%
(Me
100%
monsters
100%
monsters,
100%
mother
100%
my
100%
Now
100%
now,
100%
Someone's
100%
the
100%
their
100%
tummy
100%
(Tummy
100%
what
100%
with
100%
worth,
100%
baby,
94%
baby
94%
be
94%
beautiful
94%
Fucking
94%
make
94%
they
94%
to
94%
you
94%
You
94%
you,
94%
your
94%
you're
94%
couple
89%
of
89%
Oh,
89%
oh,
89%
Oh
89%
oh
89%
oh)
89%
(Oh)
89%
on
89%
raise
89%
them
89%
they'd
89%
babies
83%
'Cause,
83%
'Cause
83%
'cause
83%
get
83%
hard
83%
Jesus,
83%
kitchen
83%
Maybe
83%
months
83%
never
83%
Never
83%
pay
83%
religion
83%
rely
83%
rent
83%
should
83%
three
83%
try
83%
up
83%
When
83%
broke
78%
is
78%
just
78%
made
78%
problem
78%
she
78%
smoke,
78%
always
72%
as
72%
couldn't
72%
do
72%
'em
72%
find
72%
heard
72%
hell
72%
him
72%
I'd
72%
money
72%
sin
72%
stay
72%
that
72%
that's
72%
being
67%
Bible
67%
Boy,
67%
boys
67%
choice?
67%
fine
67%
hobby
67%
open
67%
psycho
67%
cost
61%
God
61%
had
61%
she'll
61%
though
61%
Yeah,
61%
cycle
56%
face,
56%
knows
56%
Mm,
56%
(Ah
33%
Lied
33%
No matching quizzes found
Score Distribution
Percent of People with Each Score
Percentile by Number Answered
Your Score History
You have not taken this quiz